History Quiz

Random History or War Quiz

World War II: Where Did US Forces Fight? Quiz Stats

Quiz Updated Dec 20, 2016

Challenge
Share
Tweet
Embed
Score 0/53 Timer 06:00
1 Play Today
Year Country % Correct
1943-45Germany
97.9%
1942-45France
97.4%
1942-45Japan
96.7%
1943-45Italy
95.1%
1942-45China
85.6%
1944-45Belgium
85.4%
1944United Kingdom
84.4%
1943-45Russia
83.3%
1943-45Austria
82.6%
1944Poland
82.6%
1942Egypt
80.1%
1944-45Netherlands
80.1%
1944Greece
74.1%
1943Norway
73.5%
1943-44Denmark
72.6%
1941-45United States
71.1%
1942Morocco
69.8%
1941-42, 1944-45Philippines
66.8%
1942-43Libya
66.8%
1942-45Vietnam
66.6%
1944Hungary
66%
1942Algeria
64.7%
1944India
63.7%
1944-45Luxembourg
62.9%
1942Australia
62.4%
1944-45Czechia
62.2%
1942-43Tunisia
60.6%
Year Country % Correct
1942-45Indonesia
60.1%
1945South Korea
57.8%
1942-43Romania
56.5%
1944Slovakia
56.5%
1942-45Thailand
55.4%
1945Cambodia
51.8%
1944Serbia
50.4%
1944-45Croatia
49.4%
1944Bulgaria
49.2%
1944Switzerland
49.1%
1942, 1945Malaysia
48.2%
1943-45Taiwan
45.4%
1944-45Singapore
43.2%
1943Albania
43.1%
1942-45Myanmar
38.9%
1943-44Marshall Islands
36.5%
1942-45Papua New Guinea
36.5%
1943-44Montenegro
36.5%
1942-43Solomon Islands
35.4%
1942-44Micronesia
32%
1944Palau
28.3%
1943Tuvalu
27.7%
1943-45Nauru
25.9%
1943-44Kiribati
25.2%
1942-44Timor-Leste
21.9%
1944-45Brunei
20.3%

You're not logged in!

Compare scores with friends on all Sporcle quizzes.
Sign Up with Email
OR
Log In

You Might Also Like...

Show Comments

Extras

Top Quizzes Today


Score Distribution

Your Account Isn't Verified!

In order to create a playlist on Sporcle, you need to verify the email address you used during registration. Go to your Sporcle Settings to finish the process.